NMR spectroscopy : an introduction /
Guardado en:
| Autor Principal: | |
|---|---|
| Otros Autores: | |
| Formato: | Libro |
| Idioma: | English German |
| Publicado: |
Chichester [Eng.] :
Wiley,
c1980.
|
| Materias: | |
| Acceso en línea: | Descripción Tabla de contenido |
| Etiquetas: |
Agregar Etiqueta
Sin Etiquetas, Sea el primero en etiquetar este registro!
|
| LEADER | 01055cam a22002775a 4500 | ||
|---|---|---|---|
| 001 | EIQ.libpla000824 | ||
| 008 | 781222s1980####enka#####b####001#0#eng#d | ||
| 005 | 20060601200112.0 | ||
| 245 | 1 | 0 | |a NMR spectroscopy : |b an introduction / |c H. Günther ; translation, Robert W. Gleason. |
| 260 | |a Chichester [Eng.] : |b Wiley, |c c1980. | ||
| 300 | |a xiv, 436 p. : |b il. ; |c 23 cm. | ||
| 500 | |a Traducción de: NMR-Spektroskopie. | ||
| 504 | |a Bibliografía: p. [422]-425. | ||
| 500 | |a Incluye índice. | ||
| 020 | |a 0471275808 | ||
| 100 | 1 | |a Günther, H. |q (Harald) | |
| 700 | 1 | |a Gleason, Robert W, |e tr. |4 trl | |
| 082 | 0 | 0 | |a 543/.08 |
| 650 | 4 | |a Espectroscopía |x Resonancia magnética nuclear. | |
| 650 | 4 | |a spectroscopy |x Nuclear magnetic resonance. | |
| 010 | |a 78031736 | ||
| 040 | |a DLC |c DLC |d DLC | ||
| 041 | 1 | |a eng |h ger | |
| 856 | 4 | 2 | |3 Descripción |u http://www.loc.gov/catdir/enhancements/fy0607/78031736-d.html |
| 856 | 4 | 1 | |3 Tabla de contenido |u http://www.loc.gov/catdir/enhancements/fy0607/78031736-t.html |
| 859 | |a AR-BbSID |b BIB. PLAPIQUI |h 543.08 |i G 943 |p 561 | ||
